LIBRARY & INFORMATION CENTRE, KCAET, TAVANUR

ONLINE PUBLIC ACCESS CATALOGUE (OPAC)

Tractor Engine: | Maintenance and Repair (Record no. 19056)

MARC details
000 -LEADER
fixed length control field 00280nam a22001217a 4500
003 - CONTROL NUMBER IDENTIFIER
control field OSt
008 - FIXED-LENGTH DATA ELEMENTS--GENERAL INFORMATION
fixed length control field 250117b |||||||| |||| 00| 0 eng d
041 ## - LANGUAGE CODE
Language code of text/sound track or separate title eng
100 ## - MAIN ENTRY--AUTHOR NAME
Personal name Jain, SC
245 ## - TITLE STATEMENT
Title Tractor Engine:
Remainder of title Maintenance and Repair
700 ## - ADDED ENTRY--PERSONAL NAME
Personal name Rai, CS
942 ## - ADDED ENTRY ELEMENTS (KOHA)
Koha item type Books
Holdings
Withdrawn status Lost status Damaged status Home library Current library Date acquired Cost, normal purchase price Accession Number Koha item type
Withdrawn     KAUAET KAUAET 17/01/2025 28.50 15666 Books
free website counter